MARC

LEADER 00000nas a2200000 a 4500
001 ssj0006869
003 WaSeSS
005 20200512172242.0
006 m d
007 cr n
008 000404c19789999enkqx pss o 0 0eng c
010 |a  2005237243 
015 |a GBA605223  |2 bnb 
016 7 |a 2003863-X  |2 DE-600 
016 7 |a 013357638  |2 Uk 
022 |a 1469-3518  |l 0141-1926  |y 0141-1926 
035 |a (WaSeSS)ssj0006869 
037 |b Carfax International Publishers, PO Box 25, Abingdon, Oxfordshire, OX14 3UE, UK 
040 |a F#A  |b eng  |c F#A  |d OCLCQ  |d CGU  |d MUQ  |d OCL  |d EYM  |d HUL  |d EYM  |d HUL  |d ZYU  |d OCLCQ  |d UKMGB  |d SERSO  |d OCLCQ  |d OCLCA  |d OCLCF  |d VT2  |d OCLCQ  |d DEBBG  |d WT2  |d NLC  |d NLE  |d OCLCQ  |d U3W  |d OCLCQ  |d AU@  |d SFB  |d OCLCQ  |d WaSeSS 
042 |a pcc 
043 |a e-uk--- 
050 1 4 |a LB1028  |b .B745 
130 0 |a British educational research journal (Online) 
245 1 0 |a British educational research journal  |h [electronic resource]. 
246 1 3 |a BERJ 
246 1 |i Available via the British Educational Research Association website with the title:  |a Research intelligence 
260 |a Oxford, U.K. :  |b Carfax International Publishers,  |c 1978- 
310 |a Frequency varies 
362 0 |a Vol. 4, no. 1 (Apr. 1978)- 
500 |a Title from title screen (JSTOR, viewed Oct. 12, 2005). 
500 |a Published: Basingstoke, Hants, U.K. : Routledge, 2005- 
506 |a License restrictions may limit access. 
538 |a Mode of access: World Wide Web. 
550 |a Official journal of the British Educational Research Association. 
588 1 |a Issue 102 (Mar. 2008) (British Educational Research Association, viewed Apr. 25, 2008). 
650 0 |a Education  |x Research  |z Great Britain  |v Periodicals. 
650 6 |a Éducation  |x Recherche  |z Grande-Bretagne  |v Périodiques. 
650 7 |a Education  |x Research.  |2 fast  |0 (OCoLC)fst00902743 
651 7 |a Great Britain.  |2 fast  |0 (OCoLC)fst01204623 
655 0 |a Electronic journals. 
710 2 |a British Educational Research Association. 
776 1 |t British educational research journal  |x 0141-1926  |w (DLC) 80646324  |w (OCoLC)5343940 
780 0 7 |t Research intelligence (British Educational Research Association : Online)  |w (DLC) 2005237360  |w (OCoLC)60616618 
856 4 0 |z Full text available from Research Library: 09/01/1997 to 12/31/2000  |u https://search.proquest.com/publication/33034